[Event "Moscow Grand Prix 2017"]
[Site "Moscow RUS"]
[Date "2017.05.16"]
[Round "5.6"]
[White "Hou Yifan"]
[Black "Grischuk,A"]
[Result "0-1"]
[WhiteElo "2652"]
[BlackElo "2750"]
[EventType "tourn"]

1.e4 c5 2.Nf3 d6 3.d4 cxd4 4.Nxd4 Nf6 5.Nc3 a6 6.g3 e5 7.Nb3 Be7 8.Bg2 O-O
9.O-O b5 10.a4 b4 11.Nd5 Nxd5 12.Qxd5 Ra7 13.Be3 Be6 14.Qd3 Ra8 15.f4 Qc7
16.Nd2 a5 17.Rf2 f6 18.f5 Bf7 19.Rc1 Na6 20.c4 bxc3 21.Qxc3 Qb8 22.Rff1 Nb4
23.Qc7 Qe8 24.Qb7 Rb8 25.Qa7 Ra8 26.Qb7 Rb8 27.Qa7 d5 28.exd5 Nxd5 29.Bc5 Ra8
30.Qb7 Rb8 31.Qa7 Ra8 32.Qb7 Bxc5+ 33.Rxc5 Rb8 34.Qxf7+ Rxf7 35.Bxd5 Kh8
36.Rfc1 Rd7 37.Bc6 Qd8 38.Bxd7 Qxd7 39.Ne4 h5 {#R} 0-1

[Event "Moscow Grand Prix 2017"]
[Site "Moscow RUS"]
[Date "2017.05.16"]
[Round "5.8"]
[White "Harikrishna,P"]
[Black "Adams,Mi"]
[Result "1-0"]
[WhiteElo "2750"]
[BlackElo "2747"]
[EventType "tourn"]

1.d4 Nf6 2.c4 e6 3.Nc3 d5 4.cxd5 exd5 5.Bg5 c6 6.e3 h6 7.Bh4 Be7 8.Bd3 Nbd7
9.f3 O-O 10.Nge2 b5 11.O-O Nb6 12.Bf2 a5 13.Ng3 b4 14.Nce2 c5 15.dxc5 Bxc5
16.Rc1 Nbd7 17.Nd4 Qb6 18.Re1 Re8 19.Bb1 a4 20.Qc2 Ra5 21.Nge2 Nf8 22.Nf4 Bd7
23.Nd3 Bd6 24.Bg3 Bxg3 25.hxg3 Rc8 26.Qd2 Rb8 27.g4 Ne6 28.Ne5 Rc5 29.Nxe6
Rxc1 30.Rxc1 Qxe6 31.Qd4 Qd6 32.Nd3 Ne8 33.Rc5 Rb5 34.Rxb5 Bxb5 35.Qxb4 Qa6
36.Nc5 Qc6 37.Bf5 Nf6 38.b3 axb3 39.Nxb3 g6 40.Bb1 Nd7 41.Kf2 Bc4 42.Na5 Qc7
43.Nxc4 dxc4 44.a4 Nb6 45.Bc2 Nd5 46.Qd2 Qc6 47.Be4 c3 48.Qd1 Qb7 49.Kg1 c2
50.Qxc2 Qb4 51.Qb1 {#r} 1-0

[Event "Moscow Grand Prix 2017"]
[Site "Moscow RUS"]
[Date "2017.05.19"]
[Round "7.5"]
[White "Giri,A"]
[Black "Salem,AR"]
[Result "1-0"]
[WhiteElo "2785"]
[BlackElo "2633"]
[EventType "tourn"]

1.e4 c6 2.d4 d5 3.e5 Bf5 4.Nd2 e6 5.Nb3 c5 6.dxc5 Bxc5 7.Nxc5 Qa5+ 8.c3 Qxc5
9.Be3 Qc7 10.f4 Ne7 11.Be2 O-O 12.Nf3 Nbc6 13.O-O Na5 14.Bf2 a6 15.Rc1 Rac8
16.b3 Nac6 17.Qd2 Rfd8 18.b4 Be4 19.a4 Nf5 20.g4 Nfe7 21.Ng5 Bg6 22.Bc5 Rd7
23.Nf3 Na5 24.Nd4 Nc4 25.Bxc4 dxc4 26.Bxe7 Rxe7 27.f5 exf5 28.gxf5 Bh5 29.Qg5
g6 30.e6 f6 31.Qxf6 Rg7 32.Rc2 Bg4 33.Qh4 Bxf5 34.Rg2 Re8 35.Re1 a5 36.bxa5
Qxa5 37.Nxf5 Qxf5 38.Qxc4 Rge7 39.Rf2 Qa5 40.Rf7 Qb6+ 41.Kg2 Qc6+ 42.Qxc6 bxc6
43.Rxe7 Rxe7 44.Kf3 Kf8 45.a5 Ra7 46.Re5 Ke7 47.Ke4 Rb7 48.Kd3 Rb1 49.Kc2 Ra1
50.Kb2 Ra4 51.Kb3 Ra1 52.Kb2 Ra4 53.Kb3 Ra1 54.c4 h6 55.Kb4 g5 56.Re3 c5+
57.Kb5 g4 58.h3 gxh3 59.Rxh3 Kxe6 60.Rxh6+ Kd7 61.a6 Kc7 62.Rh8 Kd6 63.a7 Rxa7
64.Rh6+ Ke5 65.Kxc5 Ra8 66.Kb6 {#r} 1-0

[Event "Moscow Grand Prix 2017"]
[Site "Moscow RUS"]
[Date "2017.05.19"]
[Round "7.7"]
[White "Hou Yifan"]
[Black "Hammer,J"]
[Result "1-0"]
[WhiteElo "2652"]
[BlackElo "2621"]
[EventType "tourn"]

1.Nf3 d5 2.d4 Nf6 3.c4 e6 4.g3 Be7 5.Bg2 O-O 6.O-O dxc4 7.Qa4 a6 8.Qxc4 b5
9.Qc2 Bb7 10.Bd2 Be4 11.Qc1 c6 12.Rd1 Nbd7 13.Nc3 Bg6 14.a3 c5 15.Be3 Qc7
16.Ne5 cxd4 17.Nxg6 hxg6 18.Bxa8 dxe3 19.Nd5 exf2+ 20.Kf1 Qc5 21.b4 Qxc1
22.Nxe7+ Kh7 23.Raxc1 Rxa8 24.Kxf2 a5 25.Rd4 g5 26.h4 g4 27.Rc8 Ra6 28.Rc7
axb4 29.axb4 Ne5 30.Rc5 Nc4 31.Rxb5 Nd6 32.Ra5 Rb6 33.Kg2 g6 34.Rc5 Nb5
35.Rdc4 Kg7 36.Nc8 Rb8 37.Rc6 Na3 38.Rc3 Nb5 39.R3c4 Na3 40.Rc3 Nb5 41.Rc1 Nd5
42.Kf2 Na3 43.Ra1 Nb5 44.Rc5 f5 45.Kf1 Kf6 46.Ra6 Nbc7 47.Rac6 Rxc8 48.Rxd5
Nxd5 49.Rxc8 Nxb4 50.Kf2 Nd5 51.Ke1 Ne3 52.Rb8 Ke5 53.Rb5+ Kf6 54.Rb3 Nc4
55.Rb4 Nd6 56.Kd2 Ke5 57.Kd3 Kd5 58.Ra4 Ke5 59.Ra5+ Kf6 60.Kd4 Ne4 61.Ra3 Nf2
62.Rb3 Ne4 63.Re3 Nd2 64.Rd3 Nf1 65.Ra3 f4 66.gxf4 Kf5 67.Ra1 Nd2 68.Kd3 Nb3
69.Rb1 Nc5+ 70.Ke3 e5 71.Rb5 Nd7 72.fxe5 Nf8 73.e6+ Kf6 74.Kf4 Nxe6+ 75.Kxg4
Nd4 76.Rb6+ Kf7 77.e4 Kg7 78.e5 Kf7 79.Rf6+ Kg7 80.Kg5 {#r} 1-0

[Event "Moscow Grand Prix 2017"]
[Site "Moscow RUS"]
[Date "2017.05.20"]
[Round "8.7"]
[White "Nepomniachtchi,I"]
[Black "Harikrishna,P"]
[Result "0-1"]
[WhiteElo "2751"]
[BlackElo "2750"]
[EventType "tourn"]

1.c4 Nf6 2.Nc3 e6 3.e4 d5 4.e5 d4 5.exf6 dxc3 6.bxc3 Qxf6 7.d4 e5 8.Nf3 exd4
9.Bg5 Qe6+ 10.Be2 Be7 11.cxd4 Bxg5 12.Nxg5 Qg6 13.f4 O-O 14.O-O Nc6 15.Rb1 h6
16.Nf3 Qd6 17.d5 Ne7 18.Nd4 c6 19.f5 Qf6 20.Ne6 fxe6 21.fxe6 Qe5 22.Rxf8+ Kxf8
23.Qf1+ Qf6 24.d6 b6 25.Bg4 Ng6 26.Re1 Bxe6 27.Bxe6 Rd8 28.g3 Rxd6 29.Qe2 Qc3
30.Kh1 Rd2 31.Rf1+ Ke7 32.Qe4 Ne5 33.Bh3 Kd6 34.Qf5 Kc5 35.Bg2 Qd4 36.Qf8+ Qd6
37.Qf4 Qd4 38.Qf8+ Qd6 39.Qf4 Re2 40.Qc1 Qd3 41.Qf4 g5 42.Qf8+ Qd6 43.Qf5 Qd2
44.Bxc6 Rxh2+ 45.Kg1 Re2 46.Bb7 Qe3+ 47.Kh1 Re1 48.Qf8+ Kd4 49.Qd6+ Kc3
50.Qa3+ Kc2 51.Qxe3 Rxe3 52.Rf2+ Kc3 53.Kg2 Nxc4 54.g4 Rd3 55.Rf6 Ne3+ {#R}
0-1

[Event "TCh-FRA Top 12 2017"]
[Site "Chartres FRA"]
[Date "2017.05.18"]
[Round "1.1"]
[White "Gajewski,G"]
[Black "Ragger,M"]
[Result "0-1"]
[WhiteElo "2634"]
[BlackElo "2680"]

1.c4 e5 2.g3 Nc6 3.Bg2 Bc5 4.Nc3 a6 5.e3 d6 6.Nge2 Ba7 7.d4 h5 8.h3 h4 9.g4 f5
10.dxe5 fxg4 11.exd6 gxh3 12.Bxh3 Bxh3 13.Rxh3 Qd7 14.Rh1 O-O-O 15.dxc7 Qxc7
16.Nd5 Ne5 17.b3 Nf3+ 18.Kf1 Qe5 19.Nec3 Rf8 20.Bb2 Nh2+ 21.Rxh2 Qxh2 22.Qg4+
Kb8 23.Ne4 Nf6 24.Qf5 Rh5 25.Qf3 Nd7 26.Qxh5 Qh1+ 27.Ke2 Qxe4 28.Rc1 g6 29.f3
Qxe3+ 30.Nxe3 gxh5 31.Nd5 Rg8 32.Ba3 Rg2+ 33.Kd3 Ne5+ 34.Kc3 Nxf3 35.Bd6+ Kc8
36.c5 h3 37.Nf4 Rg1 38.Rxg1 Nxg1 39.Nxh5 Bxc5 40.Bxc5 Ne2+ {#R} 0-1

[Event "TCh-FRA Top 12 2017"]
[Site "Chartres FRA"]
[Date "2017.05.18"]
[Round "1.1"]
[White "Naiditsch,A"]
[Black "Gledura,B"]
[Result "0-1"]
[WhiteElo "2700"]
[BlackElo "2602"]

1.e4 e5 2.Bc4 Nf6 3.d3 Bc5 4.Nc3 O-O 5.Bg5 h6 6.Bh4 Be7 7.Nf3 d6 8.a4 Nc6 9.a5
a6 10.h3 Be6 11.Bxf6 Bxf6 12.Nd5 Nb8 13.O-O Nd7 14.b4 c6 15.Ne3 Qe7 16.c3 Rad8
17.Re1 g6 18.d4 exd4 19.cxd4 Bxc4 20.Nxc4 Bg7 21.Qb3 Rfe8 22.e5 d5 23.Nd6 Rf8
24.Nxb7 Rb8 25.Nd6 Rbd8 26.Qc2 Nb8 27.h4 h5 28.Rad1 Bh6 29.g3 Kh7 30.Nh2 f6
31.f4 fxe5 32.dxe5 Bxf4 33.gxf4 Rxf4 34.Kh1 Nd7 35.Nb7 Rdf8 36.e6 Qxh4 37.Re2
Nf6 38.e7 Rg8 39.Nd6 Ng4 40.Kg1 Qg3+ 41.Rg2 Qe3+ 42.Kh1 Nf2+ 43.Rxf2 Rxf2 {#R}
0-1

[Event "TCh-FRA Top 12 2017"]
[Site "Chartres FRA"]
[Date "2017.05.18"]
[Round "1.1"]
[White "Bacrot,E"]
[Black "Sokolov,And1"]
[Result "1-0"]
[WhiteElo "2696"]
[BlackElo "2505"]

1.e4 c5 2.Nf3 Nc6 3.Bb5 d6 4.O-O Bg4 5.h3 Bh5 6.Re1 e5 7.c3 Ne7 8.d3 a6 9.Ba4
Nc8 10.Nbd2 Be7 11.Nf1 O-O 12.Bb3 Na5 13.Bc2 b5 14.Ne3 Nb6 15.Nf5 f6 16.d4
cxd4 17.cxd4 Rc8 18.g4 Bg6 19.d5 Bxf5 20.exf5 Qc7 21.Be4 Nb7 22.b4 Na4 23.Bd2
Nc3 24.Qb3 Nxe4 25.Rxe4 Qc2 26.Qxc2 Rxc2 27.a4 Rb8 28.Kf1 Nd8 29.Ke2 bxa4
30.Kd3 Rcc8 31.Rc4 Rxc4 32.Kxc4 Rc8+ 33.Kd3 Nb7 34.Ke3 Rc4 35.Kd3 Rc8 36.Ke2
Rc4 37.Rxa4 e4 38.Ne1 Nc5 39.Ra3 Nd7 40.Rxa6 Kf7 41.Ng2 Ne5 42.Ne3 Rc7 43.b5
{#r} 1-0

[Event "TCh-FRA Top 12 2017"]
[Site "Chartres FRA"]
[Date "2017.05.18"]
[Round "1.1"]
[White "Haussernot,C"]
[Black "Maisuradze,N"]
[Result "0-1"]
[WhiteElo "2099"]
[BlackElo "2260"]

1.e4 c5 2.Nf3 e6 3.d4 cxd4 4.Nxd4 a6 5.Bd3 e5 6.Nf5 g6 7.Ne3 d6 8.Nc3 Ne7
9.Bc4 Bg7 10.Ned5 Nxd5 11.Nxd5 Be6 12.h4 h6 13.Be3 Nd7 14.b4 O-O 15.Qd2 Kh7
16.O-O-O b5 17.Bb3 Re8 18.g3 Bg4 19.Rde1 Rc8 20.f3 Be6 21.Rd1 f5 22.Rdf1 a5
23.exf5 gxf5 24.bxa5 Nc5 25.Rd1 e4 26.Kb1 exf3 27.Bxc5 Rxc5 28.Qd3 Rxd5
29.Bxd5 Qf6 30.c3 Bxd5 31.Qxd5 Qxc3 32.Qxf5+ Kh8 33.Rh2 Re2 {#R} 0-1

[Event "TCh-FRA Top 12 2017"]
[Site "Chartres FRA"]
[Date "2017.05.18"]
[Round "1.2"]
[White "Baklan,V"]
[Black "Stephan,V"]
[Result "1-0"]
[WhiteElo "2594"]
[BlackElo "2365"]

1.e4 c5 2.Nf3 Nf6 3.e5 Nd5 4.g3 Nc6 5.Bg2 d6 6.exd6 e6 7.O-O Bxd6 8.d4 O-O
9.dxc5 Bxc5 10.Qe2 Qe7 11.Nbd2 Nf6 12.Nb3 Bb6 13.Ne5 Nxe5 14.Qxe5 Ng4 15.Qe2
e5 16.a4 a6 17.a5 Ba7 18.h3 Nf6 19.Re1 Re8 20.Be3 Bxe3 21.Qxe3 Bf5 22.c3 e4
23.Qc5 Be6 24.Qxe7 Rxe7 25.Nd4 Rae8 26.Nxe6 Rxe6 27.Rad1 g6 28.Rd4 b6 29.Ra4
Rd8 30.axb6 Rxb6 31.Re2 Rd1+ 32.Kh2 Rb1 33.Ra2 Rc1 34.g4 g5 35.Kg3 Rg1 36.Ra5
h6 37.Rc2 Rb1 38.Ra2 Kg7 39.c4 Rd1 40.c5 Rc6 41.Ra4 Rd3+ 42.Kh2 Rd5 43.b4 Rd4
44.Bf1 Nd5 45.Bc4 Nc7 46.Ra3 Kf6 47.f3 Ke5 48.fxe4 Rxe4 49.Rf3 Rf6 50.Rxf6
Kxf6 51.Rf2+ Ke5 52.Rf5+ Kd4 53.Bxf7 Kc3 54.Rf6 Kxb4 55.Rxh6 Kxc5 56.Rh5 Re2+
57.Kg3 Re5 58.h4 gxh4+ 59.Kf4 Rxh5 60.gxh5 h3 61.Kg3 Nb5 62.h6 {#r} 1-0

[Event "TCh-FRA Top 12 2017"]
[Site "Chartres FRA"]
[Date "2017.05.18"]
[Round "1.2"]
[White "Coursaget,N"]
[Black "Sanikidze,T"]
[Result "0-1"]
[WhiteElo "2311"]
[BlackElo "2518"]

1.d4 Nf6 2.c4 e6 3.Nf3 d5 4.Nc3 dxc4 5.e3 a6 6.Bxc4 b5 7.Bd3 Bb7 8.a3 Nbd7
9.b4 Bd6 10.O-O e5 11.Ng5 exd4 12.exd4 O-O 13.f4 Nb6 14.Kh1 Re8 15.Qc2 h6
16.Bh7+ Kf8 17.Nge4 Nxh7 18.Nxd6 Qxd6 19.Qxh7 Qc6 20.Qh8+ Ke7 21.Qxg7 Qxc3
22.f5 Bd5 23.Bf4 Rg8 24.Qe5+ Kd7 25.Rfc1 Rxg2 26.Rxc3 Rg4+ {#R} 0-1

[Event "TCh-FRA Top 12 2017"]
[Site "Chartres FRA"]
[Date "2017.05.18"]
[Round "1.2"]
[White "Colin,V"]
[Black "Rozentalis,E"]
[Result "1-0"]
[WhiteElo "2381"]
[BlackElo "2535"]

1.d4 Nf6 2.Bf4 d5 3.e3 c5 4.Nc3 e6 5.Nb5 Na6 6.Nf3 Be7 7.c3 O-O 8.a4 Bd7 9.Ne5
Be8 10.Bd3 c4 11.Bc2 Bxb5 12.axb5 Nc7 13.g4 Nxb5 14.g5 Ne4 15.h4 Ned6 16.Qg4
Nf5 17.h5 Nbd6 18.f3 Qb6 19.O-O-O Qa5 20.g6 fxg6 21.hxg6 h6 22.Bxh6 gxh6
23.Rxh6 Bf6 24.g7 Nxh6 25.Qg6 Bxe5 26.Qh7+ Kf7 27.g8=Q+ {#r} 1-0

[Event "TCh-FRA Top 12 2017"]
[Site "Chartres FRA"]
[Date "2017.05.18"]
[Round "1.2"]
[White "Le Borgne,P"]
[Black "Sharif,Me"]
[Result "0-1"]
[WhiteElo "2234"]
[BlackElo "2363"]

1.e4 e6 2.d4 d5 3.Nc3 Nf6 4.e5 Nfd7 5.Nce2 c5 6.c3 Nc6 7.Nf3 cxd4 8.cxd4 f6
9.Nf4 Bb4+ 10.Bd2 Qe7 11.Nd3 Bxd2+ 12.Qxd2 fxe5 13.Ndxe5 Ndxe5 14.dxe5 O-O
15.Bb5 Bd7 16.Bxc6 bxc6 17.O-O a5 18.Rac1 c5 19.Rc2 Rfc8 20.Rfc1 a4 21.Qe3 Ra5
22.Qa3 Qf8 23.Qe3 Rb5 24.Nd2 Be8 25.Qh3 Qe7 26.b3 Bg6 27.Rc3 Bf5 28.Qg3 Ra8
29.Nf3 axb3 30.Rxb3 Rba5 31.Nh4 Be4 32.f3 c4 33.Rb6 Rxa2 34.Rd6 Qa7+ 35.Kh1
Qe3 36.Rg1 Ra1 37.Rd8+ Kf7 38.Rd7+ Ke8 39.Re7+ Kd8 {#R} 0-1

[Event "TCh-FRA Top 12 2017"]
[Site "Chartres FRA"]
[Date "2017.05.18"]
[Round "1.2"]
[White "Vitoux,C"]
[Black "Barbini,D"]
[Result "1-0"]
[WhiteElo "2382"]
[BlackElo "2101"]

1.e4 e5 2.Nf3 Nc6 3.d4 exd4 4.Nxd4 Nf6 5.Nxc6 bxc6 6.Qd4 Qe7 7.Nc3 Qb4 8.Be3
Qxd4 9.Bxd4 Be7 10.O-O-O O-O 11.Bc4 d6 12.f3 Be6 13.Bb3 Nd7 14.Ba4 c5 15.Be3
Nb6 16.Bc6 Rab8 17.b3 a6 18.Nd5 Bxd5 19.exd5 Bf6 20.Rhe1 Nc8 21.Bd2 Ne7 22.Ba5
Nxc6 23.dxc6 Rfc8 24.Re4 g6 25.a4 Bg5+ 26.Kb2 f5 27.Re2 Bf6+ 28.c3 Kf7 29.Kc2
h5 30.b4 cxb4 31.cxb4 Be5 32.g3 f4 33.gxf4 Bxf4 34.Kb3 g5 35.Kc4 Be5 36.Rd5 h4
37.Rexe5 dxe5 38.Rd7+ Ke6 39.Bxc7 Ra8 40.Kc5 Rf8 41.Rd6+ Ke7 42.Kd5 Rxf3
43.Rd7+ Ke8 44.Bxe5 Rd8 45.Ke6 Rxd7 46.cxd7+ Kd8 47.Kd5 {#r} 1-0

[Event "TCh-FRA Top 12 2017"]
[Site "Chartres FRA"]
[Date "2017.05.18"]
[Round "1.2"]
[White "Marchadour,E"]
[Black "Heinz,Ti"]
[Result "0-1"]
[WhiteElo "2097"]
[BlackElo "2353"]

1.e4 e6 2.d4 d5 3.exd5 exd5 4.Nf3 Bd6 5.Nc3 c6 6.Bd3 Ne7 7.Bd2 Qb6 8.O-O Bg4
9.Re1 Nd7 10.Na4 Qc7 11.h3 Bh5 12.b3 Nf8 13.c4 Ne6 14.cxd5 Nxd5 15.Nc5 Bxc5
16.dxc5 O-O-O 17.Bf5 Nf4 18.Qc1 Nd3 19.Bxd3 Rxd3 20.Ne5 Rd5 21.Nc4 Nxc5 22.Qa3
b6 23.Bf4 Qxf4 24.Qxa7 Nd7 25.Qa8+ Kc7 26.Qxh8 Rg5 27.Re3 Bf3 28.Qa8 Rxg2+
29.Kf1 Bd5 30.Qa7+ Kd8 31.Re2 Rh2 32.Qa8+ Nb8 33.Rd2 Rh1+ 34.Ke2 Qf3# 0-1

[Event "TCh-FRA Top 12 2017"]
[Site "Chartres FRA"]
[Date "2017.05.18"]
[Round "1.3"]
[White "Palac,M"]
[Black "Vernay,C"]
[Result "0-1"]
[WhiteElo "2573"]
[BlackElo "2501"]

1.e4 e6 2.d4 d5 3.Nc3 Nf6 4.e5 Nfd7 5.f4 c5 6.Nf3 Nc6 7.Be3 Be7 8.Qd2 O-O
9.dxc5 Nxc5 10.O-O-O a6 11.Kb1 Qc7 12.g4 b6 13.h4 Bb7 14.Bg2 Rac8 15.Qe1 Ne4
16.Nxe4 dxe4 17.Nd2 Nb4 18.Rc1 Qd7 19.a3 Nxc2 20.Rxc2 Qd3 21.Qc1 Rxc2 22.Qxc2
Qxe3 23.Nc4 Qxf4 24.Nxb6 Qxg4 25.h5 h6 26.Re1 Bh4 27.Re2 Rd8 28.Na4 Qxh5
29.Bxe4 Bxe4 30.Qxe4 Qf5 31.Nc5 a5 32.Ka2 Qxe4 33.Rxe4 Bg3 34.Nb7 Rd5 35.Ra4
Be1 36.Re4 Bd2 37.Nd6 g5 38.Nc4 Bf4 39.a4 Bd2 40.Nxd2 Rxd2 41.Kb3 Kg7 42.Kc3
Rd5 43.b4 axb4+ 44.Kxb4 h5 45.a5 f5 46.exf6+ Kxf6 47.a6 Rd8 48.Kc5 h4 49.a7
Kf5 50.Rb4 Ra8 51.Kb6 g4 52.Kb7 Rxa7+ 53.Kxa7 h3 {#R} 0-1

[Event "TCh-FRA Top 12 2017"]
[Site "Chartres FRA"]
[Date "2017.05.18"]
[Round "1.3"]
[White "Cornette,M"]
[Black "Stevic,H"]
[Result "0-1"]
[WhiteElo "2593"]
[BlackElo "2600"]

1.e4 e5 2.Nf3 Nc6 3.Bc4 Nf6 4.d3 Be7 5.O-O O-O 6.Re1 d6 7.a4 Na5 8.Ba2 c5 9.c3
Nc6 10.Na3 h6 11.Bd2 a6 12.h3 Re8 13.Nc2 Be6 14.Bxe6 fxe6 15.d4 c4 16.Qe2 Rc8
17.dxe5 Nxe5 18.Ncd4 Nd3 19.Reb1 e5 20.Nf5 d5 21.exd5 Qxd5 22.b3 cxb3 23.Ne3
Qf7 24.Qxd3 e4 25.Qe2 exf3 26.Qxf3 Bc5 27.Nf1 Rf8 28.Be1 Rce8 29.Nd2 Re5
30.Rxb3 Qe6 31.Qd1 Ne4 32.Nxe4 Rxe4 33.Rxb7 Re2 34.Rab1 Re8 35.Bd2 Rxf2 36.Kh1
Qg6 37.Qb3+ Kh7 38.Qd5 Re5 {#R} 0-1

[Event "TCh-FRA Top 12 2017"]
[Site "Chartres FRA"]
[Date "2017.05.18"]
[Round "1.3"]
[White "Sulava,N"]
[Black "Dionisi,T"]
[Result "1-0"]
[WhiteElo "2468"]
[BlackElo "2392"]

1.Nf3 f5 2.c4 Nf6 3.g3 g6 4.b4 Bg7 5.Bb2 b6 6.Bg2 Bb7 7.O-O O-O 8.d3 e6 9.Nbd2
Qe7 10.a4 Nc6 11.b5 Na5 12.Rc1 a6 13.Qc2 axb5 14.axb5 d6 15.Bc3 Nd7 16.d4 e5
17.e3 e4 18.Ne1 h5 19.Ra1 h4 20.Qd1 Qg5 21.Nc2 Nf6 22.Qe2 Rf7 23.Ra4 Bf8
24.Rfa1 Rh7 25.Bxa5 bxa5 26.Rxa5 Rxa5 27.Rxa5 Qh6 28.Nf1 Bc8 29.Ra8 Bd7 30.c5
Be6 31.b6 cxb6 32.cxb6 h3 33.Bh1 Bd5 34.Rc8 Rb7 35.Qa6 Qg7 36.Nb4 Be6 37.Ra8
Qf7 38.Nc6 Bc4 39.Qa5 Qd7 40.Nd8 Nd5 41.Nxb7 Qxb7 42.Ra7 Qxb6 43.Qxb6 Nxb6
44.g4 Be6 45.f3 Nc8 46.Ra6 exf3 47.gxf5 {#r} 1-0

[Event "TCh-FRA Top 12 2017"]
[Site "Chartres FRA"]
[Date "2017.05.18"]
[Round "1.3"]
[White "Frih,A"]
[Black "Babault,P"]
[Result "1-0"]
[WhiteElo "2225"]
[BlackElo "2411"]

1.e4 c6 2.Nf3 d5 3.Nc3 Nf6 4.e5 Ne4 5.Bd3 Nc5 6.Bf1 d4 7.Ne2 Ne6 8.Ng3 g6
9.Bc4 Bg7 10.O-O O-O 11.Re1 b5 12.Bf1 Nd7 13.c3 Nb6 14.d3 c5 15.c4 a6 16.Bd2
Nd7 17.Qc1 Qc7 18.Bh6 Bb7 19.Bxg7 Kxg7 20.Ng5 Nxe5 21.Nxe6+ fxe6 22.Qg5 Nf7
23.Qg4 e5 24.Rac1 b4 25.Rc2 Qc8 26.Qh4 Qe6 27.Ne4 Bxe4 28.Qxe4 Qf6 29.Rce2
Rac8 30.Qb7 Kh8 31.Qe4 Kg8 32.Kh1 Rc6 33.Qg4 Kh8 34.h4 Qf5 35.Qe4 Qxe4 36.Rxe4
Rf6 37.R1e2 Nd6 38.Rxe5 Rxf2 39.Rxf2 Rxf2 40.Be2 Nf5 41.Kg1 Rf4 42.Rxc5 Rxh4
43.Ra5 Ng3 44.Bf3 h5 45.Kf2 Nh1+ 46.Ke1 Ng3 47.Rxa6 Rh1+ 48.Kd2 b3 49.axb3
Nf1+ 50.Ke2 Ng3+ 51.Kf2 h4 52.Be2 Rb1 53.Rxg6 Rxb2 54.Re6 Nxe2 55.Rxe2 Rxb3
56.Rd2 Kg7 57.Kf3 Kf6 58.Ke4 e5 59.Rf2+ Kg5 60.Rf8 Rc3 61.Rf5+ Kg4 62.Rf2 Kg5
63.Rd2 Kf6 64.Kd5 Kf5 65.Rf2+ Kg4 66.Ke4 Kg5 67.Rf8 Kg6 68.Rh8 Kg5 69.Rh7 Rb3
70.Rg7+ Kf6 71.Rg4 Rb2 72.Rxh4 Rxg2 73.Rh6+ Kg7 74.Re6 Re2+ 75.Kd5 Re3 76.Rxe5
Rxd3 77.Re4 Kf6 78.Rxd4 Rh3 79.Kd6 Rc3 80.c5 {#r} 1-0

[Event "TCh-FRA Top 12 2017"]
[Site "Chartres FRA"]
[Date "2017.05.18"]
[Round "1.4"]
[White "Van Foreest,Jorden"]
[Black "Wirig,A"]
[Result "1-0"]
[WhiteElo "2595"]
[BlackElo "2486"]

1.d4 Nf6 2.Nf3 d5 3.Bf4 c5 4.e3 Nc6 5.Nbd2 cxd4 6.exd4 Bf5 7.Bb5 Qb6 8.c4 a6
9.Ba4 Rc8 10.O-O e6 11.Qb3 Qxb3 12.axb3 Bb4 13.Ne5 a5 14.Ndf3 O-O 15.Bxc6 bxc6
16.c5 Rfd8 17.Bd2 Nd7 18.Bxb4 axb4 19.Ra7 Nxe5 20.Nxe5 f6 21.Nf7 Ra8 22.Nxd8
Rxa7 23.Nxc6 Rc7 24.Nxb4 Rb7 25.Nc6 Rxb3 26.Ne7+ Kf7 27.Nxf5 exf5 28.Rb1 Rb4
29.Kf1 Rxd4 30.b4 Rc4 31.b5 Rxc5 32.b6 Rc8 33.Ke2 Rb8 34.Kd3 Ke6 35.Kd4 Kd6
36.b7 Kc6 37.Rb2 Kd6 38.h4 h5 39.f4 Kc6 40.Rb3 Kd6 41.Rb5 Kc6 42.Rc5+ Kd6
43.Rxd5+ Kc6 44.Rc5+ Kb6 45.Kc4 {#r} 1-0

[Event "TCh-FRA Top 12 2017"]
[Site "Chartres FRA"]
[Date "2017.05.18"]
[Round "1.4"]
[White "De Seroux,C"]
[Black "Guichard,P"]
[Result "0-1"]
[WhiteElo "2117"]
[BlackElo "2312"]

1.e4 d6 2.d4 g6 3.Nc3 Bg7 4.Be3 a6 5.Qd2 b5 6.O-O-O Nd7 7.h4 h6 8.Kb1 Nb6
9.Bd3 Nf6 10.f3 Nfd7 11.d5 Nc5 12.Nce2 c6 13.Bd4 Bxd4 14.Nxd4 cxd5 15.exd5
Nxd5 16.Nxb5 Nxd3 17.Qxd3 axb5 18.Qxd5 Qa5 19.a3 O-O 20.Ne2 Be6 21.Qd2 b4
22.Qxb4 Ba2+ 23.Kc1 Qa6 24.Nc3 Rfb8 25.Qe4 Qb6 26.Nxa2 Qxb2+ 27.Kd2 d5 28.Qf4
e5 29.Qxh6 Qxa2 30.h5 Rb2 31.Rc1 Rc8 32.hxg6 Rcxc2+ 33.Kd1 Rd2+ 34.Ke1 Re2+
35.Kf1 Rf2+ 36.Ke1 Rbe2+ 37.Kd1 Qb3+ {#R} 0-1

[Event "TCh-FRA Top 12 2017"]
[Site "Chartres FRA"]
[Date "2017.05.18"]
[Round "1.5"]
[White "Abergel,T"]
[Black "Nezar,M"]
[Result "1-0"]
[WhiteElo "2457"]
[BlackElo "2354"]

1.Nf3 c5 2.g3 g6 3.Bg2 Bg7 4.c4 Nc6 5.O-O e5 6.Nc3 Nge7 7.d3 O-O 8.Nd5 d6
9.Nd2 Nxd5 10.cxd5 Nd4 11.e3 Nf5 12.Rb1 a5 13.a4 Nh6 14.Nc4 Nf5 15.Qb3 Ra6
16.Bd2 Qc7 17.Bc3 Bd7 18.f4 exf4 19.Bxg7 Nxg7 20.Rxf4 Qb8 21.Rbf1 b5 22.axb5
Bxb5 23.Bh3 Bxc4 24.Qxc4 Ra7 25.Qc3 Re8 26.e4 Qb4 27.Qc2 Qd4+ 28.Qf2 Qxf2+
29.R4xf2 Rb8 30.Ra1 Rb4 31.Ra2 Ne8 32.Rf1 Kf8 33.Rfa1 Nf6 34.Rxa5 Rxa5 35.Rxa5
Rxb2 36.Ra6 Ne8 37.Bd7 Ke7 38.Ra7 Kd8 39.Bc6 Rb1+ 40.Kg2 Nf6 41.e5 Ng4 42.exd6
Rb2+ 43.Kh3 Nf2+ 44.Kh4 Rb4+ 45.Kg5 f6+ 46.Kxf6 Ng4+ 47.Ke6 {#r} 1-0

[Event "TCh-FRA Top 12 2017"]
[Site "Chartres FRA"]
[Date "2017.05.18"]
[Round "1.5"]
[White "Steil Antoni,F"]
[Black "Battaglini,G"]
[Result "0-1"]
[WhiteElo "2155"]
[BlackElo "2475"]

1.e4 e6 2.d4 d5 3.Nc3 Nf6 4.Bg5 dxe4 5.Nxe4 Be7 6.Bxf6 gxf6 7.Nf3 f5 8.Nc3 Qd6
9.Qe2 a6 10.O-O-O Nd7 11.g3 b5 12.Bg2 Bb7 13.Rhg1 b4 14.Na4 O-O-O 15.b3 Bf6
16.Nb2 Qb6 17.Ne5 Bxg2 18.Rxg2 Bxe5 19.dxe5 Qa5 20.Kb1 Nxe5 21.f4 Nc6 22.Qf3
Rxd1+ 23.Qxd1 Rd8 24.Rd2 Rxd2 25.Qxd2 Qc5 26.Qe2 Qg1+ 27.Nd1 Kb7 28.a4 Ne7
29.c4 bxc3 30.Kc2 Nd5 31.Nxc3 Qc5 32.Qf3 f6 33.Kb2 Qxc3+ 34.Qxc3 Nxc3 35.Kxc3
c5 {#R} 0-1

[Event "TCh-FRA Top 12 2017"]
[Site "Chartres FRA"]
[Date "2017.05.18"]
[Round "1.5"]
[White "Aflalo,S"]
[Black "Adrian,C"]
[Result "0-1"]
[WhiteElo "2135"]
[BlackElo "2234"]

1.e4 e6 2.d4 d5 3.Nd2 c5 4.exd5 exd5 5.Ngf3 Nc6 6.Bb5 Bd6 7.O-O Ne7 8.dxc5
Bxc5 9.Nb3 Bb6 10.Bd2 O-O 11.Bc3 Qd6 12.Qd2 Bf5 13.Rad1 Rad8 14.Nfd4 Bc7 15.f4
Be4 16.Kh1 Qh6 17.Nc5 Ng6 18.Nxe4 dxe4 19.g3 Nge7 20.Qg2 Nxd4 21.Bxd4 Nf5
22.Bc5 Rxd1 23.Rxd1 Qh5 24.g4 Ng3+ 25.Qxg3 Qxc5 26.Ba4 g5 27.Qg2 Qb4 28.Bd7
Rd8 29.fxg5 Qe7 30.Qd2 e3 31.Qd3 e2 32.Re1 Qxd7 33.Qxd7 Rxd7 34.Rxe2 Bf4 35.h4
Rd1+ 36.Kg2 Rd2 37.Kf2 Rxe2+ 38.Kxe2 Bg3 39.h5 Bf4 40.Kf3 Bxg5 41.Ke4 Kg7
42.Ke5 Bf6+ 43.Kd6 Bxb2 44.c4 Kf6 45.Kc7 Kg5 {#R} 0-1

[Event "TCh-FRA Top 12 2017"]
[Site "Chartres FRA"]
[Date "2017.05.18"]
[Round "1.6"]
[White "Degraeve,JM"]
[Black "Touzane,O"]
[Result "1-0"]
[WhiteElo "2592"]
[BlackElo "2277"]

1.e4 e6 2.d4 d5 3.Nd2 h6 4.Ngf3 Nf6 5.Bd3 c5 6.c3 Nc6 7.O-O cxd4 8.cxd4 dxe4
9.Nxe4 Be7 10.a3 O-O 11.Bc2 Nxe4 12.Bxe4 Qd6 13.Be3 f5 14.Bxc6 Qxc6 15.Ne5 Qd5
16.Ng6 Rf7 17.Bf4 Bd7 18.Be5 Bg5 19.f4 Bd8 20.Rf3 Bb6 21.Rg3 Kh7 22.Qh5 Bxd4+
23.Kh1 Bxe5 24.Nxe5 Rf6 25.Rd1 Be8 26.Rxd5 Bxh5 27.Rd7 Bg6 28.Rxb7 Rd8 29.h4
h5 30.Rxa7 Rd4 31.Rf3 Rf8 32.Kh2 Rd2 33.Rg3 Rf6 34.Ra8 Kh6 35.Rxg6+ {#r} 1-0

[Event "TCh-FRA Top 12 2017"]
[Site "Chartres FRA"]
[Date "2017.05.18"]
[Round "1.6"]
[White "David,Alb"]
[Black "Vidal,L"]
[Result "1-0"]
[WhiteElo "2548"]
[BlackElo "2193"]

1.e4 c6 2.Nc3 d5 3.Nf3 Bg4 4.h3 Bxf3 5.Qxf3 Nf6 6.d3 e6 7.a3 Nbd7 8.g3 g6
9.Qe2 Bg7 10.Bg2 O-O 11.O-O b5 12.Bg5 h6 13.Bd2 Qb6 14.Kh2 d4 15.Nd1 Rac8
16.f4 Kh7 17.e5 Nd5 18.Nf2 c5 19.Ne4 Rc7 20.c4 dxc3 21.bxc3 f6 22.Rab1 Qa6
23.Nd6 Rb8 24.Nxb5 Rxb5 25.Rxb5 Qxb5 26.c4 Qb3 27.cxd5 fxe5 28.d6 Rc8 29.Be4
Qb2 30.Rf2 Nf6 31.fxe5 Qxe5 32.Bb7 Qxe2 33.Rxe2 Rd8 34.Rxe6 Kg8 35.Ba5 Rb8
36.Bc6 Rb3 37.d7 Nxd7 38.Bxd7 Rxd3 39.Bb5 Rxa3 40.Bc4 Kf8 41.Bc7 Bd4 42.Bd6+
Kg7 43.Re7+ Kh8 44.h4 Rc3 45.Bf7 a5 46.Ra7 Kg7 47.Bd5+ Kh8 48.Ra8+ Kg7 49.Ra7+
Kh8 50.Rxa5 g5 51.hxg5 hxg5 52.Kh3 Rc1 53.Kg4 Rd1 54.Bxc5 {#r} 1-0

[Event "TCh-FRA Top 12 2017"]
[Site "Chartres FRA"]
[Date "2017.05.18"]
[Round "1.6"]
[White "Moucheroud,J"]
[Black "Relange,E"]
[Result "0-1"]
[WhiteElo "2197"]
[BlackElo "2464"]

1.e4 c5 2.Nf3 d6 3.d4 cxd4 4.Nxd4 a6 5.Nc3 e6 6.g4 b5 7.Bg2 Bb7 8.O-O Nd7 9.g5
g6 10.f4 b4 11.Nce2 e5 12.Nb3 h6 13.f5 hxg5 14.fxg6 fxg6 15.Ng3 Be7 16.Qg4
Qb6+ 17.Kh1 Ngf6 18.Qe6 Nf8 19.Qc4 Rc8 20.Qe2 Ne6 21.Be3 Qb5 22.Qxb5+ axb5
23.Rfc1 Nf4 24.Nd2 d5 25.Nf3 Ng4 26.Bg1 dxe4 {#R} 0-1